<?xml version="1.0" encoding="UTF-8"?>
<collection xmlns="http://www.loc.gov/MARC21/slim">
    <record>
        <controlfield tag="001">85103</controlfield>
        <controlfield tag="005">20191118101518.0</controlfield>
        <datafield tag="037" ind1=" " ind2=" ">
            <subfield code="a">TAZ-TFG-2019-3268</subfield>
        </datafield>
        <datafield tag="041" ind1=" " ind2=" ">
            <subfield code="a">spa</subfield>
        </datafield>
        <datafield tag="100" ind1="1" ind2=" ">
            <subfield code="a">García Casado, Yaiza</subfield>
        </datafield>
        <datafield tag="242" ind1="0" ind2="0">
            <subfield code="a">Bibliographic review of the pathology of pecking in psittacine birds</subfield>
        </datafield>
        <datafield tag="245" ind1="0" ind2="0">
            <subfield code="a">Revisión bibliográfica de la patología del picaje en aves psitácidas</subfield>
        </datafield>
        <datafield tag="260" ind1=" " ind2=" ">
            <subfield code="a">Zaragoza</subfield>
            <subfield code="b">Universidad de Zaragoza</subfield>
            <subfield code="c">2019</subfield>
        </datafield>
        <datafield tag="506" ind1=" " ind2=" ">
            <subfield code="a">by-nc-sa</subfield>
            <subfield code="b">Creative Commons</subfield>
            <subfield code="c">3.0</subfield>
            <subfield code="u">http://creativecommons.org/licenses/by-nc-sa/3.0/</subfield>
        </datafield>
        <datafield tag="520" ind1=" " ind2=" ">
            <subfield code="a">Las aves psitácidas tienen una conducta natural de acicalamiento como respuesta a que algunas plumas las tienen mal colocadas, esta respuesta consiste en limpiar el plumaje con el pico y así evitar también los parásitos y suciedad. Ante alguna situación de estrés, este comportamiento puede evolucionar a un picaje leve que puede aumentar o disminuir con el tiempo, dependiendo de los factores que lo provocan los cuales suelen ser varios y muy generales. El picaje suele manifestarse en rotura de las plumas, el arrancado de las mismas o la mutilación en áreas anatómicamente accesibles como pueden ser las patas, pecho, alas, etc. Las causas pueden ser varias y habría que barajar toda posible situación.&lt;br />Un tratamiento adecuado comenzará realizando cambios en el manejo y entorno del animal. Si el picaje sigue siendo marcado, se tomarán medidas correctoras mediante el uso de collares isabelinos y fármacos en situaciones de elevado estrés y ansiedad. Un correcto alojamiento y enriquecimiento ambiental es una medida de prevención y bienestar en el animal. &lt;br />&lt;br /></subfield>
        </datafield>
        <datafield tag="521" ind1=" " ind2=" ">
            <subfield code="a">Graduado en Veterinaria</subfield>
        </datafield>
        <datafield tag="540" ind1=" " ind2=" ">
            <subfield code="a">Derechos regulados por licencia Creative Commons</subfield>
        </datafield>
        <datafield tag="700" ind1=" " ind2=" ">
            <subfield code="a">Peribáñez López, Miguel Ángel</subfield>
            <subfield code="e">dir.</subfield>
        </datafield>
        <datafield tag="700" ind1=" " ind2=" ">
            <subfield code="a">Ruiz Zarzuela, Imanol</subfield>
            <subfield code="e">dir.</subfield>
        </datafield>
        <datafield tag="710" ind1="2" ind2=" ">
            <subfield code="a">Universidad de Zaragoza</subfield>
            <subfield code="b">Patología Animal</subfield>
            <subfield code="c">Sanidad Animal</subfield>
        </datafield>
        <datafield tag="856" ind1="0" ind2=" ">
            <subfield code="f">691587@celes.unizar.es</subfield>
        </datafield>
        <datafield tag="856" ind1="4" ind2=" ">
            <subfield code="s">1568042</subfield>
            <subfield code="u">http://zaguan.unizar.es/record/85103/files/TAZ-TFG-2019-3268.pdf</subfield>
            <subfield code="y">Memoria (spa)</subfield>
        </datafield>
        <datafield tag="909" ind1="C" ind2="O">
            <subfield code="o">oai:zaguan.unizar.es:85103</subfield>
            <subfield code="p">driver</subfield>
            <subfield code="p">trabajos-fin-grado</subfield>
        </datafield>
        <datafield tag="950" ind1=" " ind2=" ">
            <subfield code="a"></subfield>
        </datafield>
        <datafield tag="951" ind1=" " ind2=" ">
            <subfield code="a">deposita:2019-11-18</subfield>
        </datafield>
        <datafield tag="980" ind1=" " ind2=" ">
            <subfield code="a">TAZ</subfield>
            <subfield code="b">TFG</subfield>
            <subfield code="c">VET</subfield>
        </datafield>
        <datafield tag="999" ind1=" " ind2=" ">
            <subfield code="a">20190916095706.CREATION_DATE</subfield>
        </datafield>
    </record>

    
</collection>